[Event "CYCC U08"]
[Site "Windsor CAN"]
[Date "2010.07.09"]
[Round "7"]
[White "Tolentino, Patrick"]
[Black "Ene, Nicholas"]
[Result "1-0"]
[WhiteElo "729"]
[BlackElo "1312"]
[PlyCount "37"]
[EventDate "2010.07.06"]
[EventType "swiss"]
[EventRounds "7"]
[EventCountry "CAN"]

1. e4 e5 2. d4 exd4 3. c3 dxc3 4. Bc4 cxb2 5. Bxb2 Nf6 6. Nd2 Nc6 7. Qb3 Qe7 8.
O-O-O d6 9. Ngf3 h6 10. h3 g6 11. e5 dxe5 12. Nxe5 Bg7 13. Nxf7 Na5 14. Qb5+
Nc6 15. Rhe1 a6 16. Rxe7+ Kxe7 17. Ba3+ Ke8 18. Re1+ Kd7 19. Re7# 1-0

[Event "CYCC U08"]
[Site "Windsor CAN"]
[Date "2010.07.09"]
[Round "7"]
[White "Yie, Kevin"]
[Black "Su, Michael"]
[Result "0-1"]
[WhiteElo "1302"]
[BlackElo "1254"]
[PlyCount "104"]
[EventDate "2010.07.06"]
[EventType "swiss"]
[EventRounds "7"]
[EventCountry "CAN"]

1. e4 e6 2. d4 d5 3. e5 c5 4. c3 Nc6 5. Nf3 Qb6 6. Be2 cxd4 7. cxd4 Nge7 8. b3
Nf5 9. Bb2 Bb4+ 10. Kf1 O-O 11. a3 Be7 12. b4 a6 13. Bd3 Nh4 14. Nxh4 Bxh4 15.
Qh5 h6 16. Qxh4 Na7 17. Qg3 a5 18. Bc1 Kh8 19. bxa5 Qxd4 20. Bxh6 gxh6 21. Qh3
Qf4 22. g4 Rg8 23. Rg1 Qc1+ 24. Ke2 Qb2+ 25. Nd2 Qxe5+ 26. Kf3 Qf6+ 27. Ke2 Kg7
28. g5 hxg5 29. f4 Kf8 30. fxg5 Rxg5 31. Rgf1 Qe5+ 32. Kf2 Qd4+ 33. Ke2 Re5+
34. Ne4 dxe4 35. Qh8+ Ke7 36. Rxf7+ Kxf7 37. Rf1+ Ke7 38. Qf8+ Kd7 39. Rf7+ Kc6
40. Qe8+ Bd7 41. Qxd7+ Qxd7 42. Rxd7 Kxd7 43. Bc2 Rh8 44. Ba4+ b5 45. axb6+ Ke7
46. bxa7 Rxh2+ 47. Ke3 Ra5 48. a8=Q Rxa8 49. Bc6 Rxa3+ 50. Kxe4 Rh4+ 51. Ke5
Ra5+ 52. Bd5 Rxd5# 0-1

[Event "CYCC U08"]
[Site "Windsor CAN"]
[Date "2010.07.09"]
[Round "7"]
[White "Zhao, Yue Tong (Davy)"]
[Black "Zhong, Xiao Xuan"]
[Result "0-1"]
[WhiteElo "1228"]
[BlackElo "1216"]
[PlyCount "74"]
[EventDate "2010.07.06"]
[EventType "swiss"]
[EventRounds "7"]
[EventCountry "CAN"]

1. e4 c5 2. Nf3 Nc6 3. d4 cxd4 4. Nxd4 g6 5. Nxc6 bxc6 6. Bc4 Bg7 7. Qf3 Nf6 8.
e5 Qa5+ 9. Nc3 Qxe5+ 10. Be3 O-O 11. O-O-O d5 12. Bb3 Bg4 13. Bf4 Qf5 14. Qg3
Bxd1 15. Rxd1 Nh5 16. Qg5 Qxf4+ 17. Qxf4 Nxf4 18. g3 Ne6 19. Ne2 Nc5 20. Nf4 a5
21. c3 Nxb3+ 22. axb3 Bh6 23. Rd4 e5 24. Rd1 exf4 25. gxf4 Bxf4+ 26. Kc2 a4 27.
h3 axb3+ 28. Kxb3 Rfb8+ 29. Kc2 Ra2 30. Rb1 Kf8 31. f3 Ke7 32. Re1+ Kd6 33. Kd3
Kc5 34. Re2 Rbxb2 35. Rxb2 Rxb2 36. c4 dxc4+ 37. Kc3 Be5# 0-1

[Event "CYCC U08 w"]
[Site "Windsor CAN"]
[Date "2010.07.06"]
[Round "1"]
[White "Feldman, Michelle"]
[Black "Kaneshalingam, Mathanhe"]
[Result "1-0"]
[WhiteElo "926"]
[BlackElo "693"]
[PlyCount "87"]
[EventDate "2010.07.06"]
[EventType "swiss"]
[EventRounds "7"]
[EventCountry "CAN"]

1. e4 e5 2. Nf3 Nc6 3. Nc3 Bc5 4. Bc4 h6 5. h3 d6 6. O-O Nf6 7. d3 O-O 8. Bd2
Bd7 9. a3 Kh8 10. b4 Bd4 11. Nxd4 exd4 12. Nd5 Nxd5 13. Bxd5 Qf6 14. b5 Nd8 15.
a4 Qg6 16. Qf3 Ne6 17. Bxb7 Rab8 18. Bc6 Bc8 19. Rac1 Nd8 20. Bd5 f5 21. c3 f4
22. cxd4 Re8 23. Rxc7 a5 24. Bxa5 Nf7 25. Bxf7 Qg5 26. Bxe8 Kg8 27. Bc3 Bb7 28.
d5 Kf8 29. Bh5 Bc8 30. Re1 Kg8 31. Rxg7+ Kf8 32. Rxg5 hxg5 33. e5 dxe5 34. Rxe5
g4 35. hxg4 Bb7 36. Qxf4+ Kg8 37. Re8+ Rxe8 38. Bxe8 Bxd5 39. Qg5+ Kf8 40. Qxd5
Kxe8 41. b6 Ke7 42. b7 Kf8 43. Qd7 Kg8 44. b8=Q# 1-0

[Event "CYCC U08 w"]
[Site "Windsor CAN"]
[Date "2010.07.06"]
[Round "1"]
[White "Paraparan, Varshini"]
[Black "O'Neil, Krista"]
[Result "1-0"]
[WhiteElo "867"]
[BlackElo "415"]
[PlyCount "29"]
[EventDate "2010.07.06"]
[EventType "swiss"]
[EventRounds "7"]
[EventCountry "CAN"]

1. e4 e5 2. Nf3 d5 3. Nxe5 Nc6 4. Bb5 Be6 5. Nxc6 Qc8 6. Nxa7+ Ke7 7. Nxc8+
Rxc8 8. O-O c5 9. exd5 Bxd5 10. Qe2+ Kf6 11. Ba6 b5 12. Bxc8 Ba8 13. Re1 Bc6
14. Qh5 Bd5 15. Qf5# 1-0

[Event "CYCC U08 w"]
[Site "Windsor CAN"]
[Date "2010.07.06"]
[Round "2"]
[White "Botez, Andrea"]
[Black "Feldman, Michelle"]
[Result "1-0"]
[WhiteElo "571"]
[BlackElo "926"]
[PlyCount "79"]
[EventDate "2010.07.06"]
[EventType "swiss"]
[EventRounds "7"]
[EventCountry "CAN"]

1. Nf3 Nc6 2. d4 d5 3. Bf4 Nf6 4. h3 Bf5 5. e3 e6 6. c4 Bb4+ 7. Nc3 Bxc3+ 8.
bxc3 O-O 9. cxd5 Nxd5 10. c4 Nc3 11. Qb3 Ne4 12. Qxb7 Qd7 13. Qxc7 Qxc7 14.
Bxc7 Nb4 15. Ke2 Rac8 16. Ba5 Rb8 17. g4 Nc3+ 18. Kd2 Ne4+ 19. Ke2 Bg6 20. Nh4
h6 21. Nxg6 fxg6 22. Rh2 Nd6 23. Bc7 Rbc8 24. Bxd6 Nc2 25. Rc1 Rfd8 26. Be7 Rd7
27. Bc5 e5 28. Rxc2 exd4 29. exd4 Re8+ 30. Kd3 Rc8 31. Kc3 Rf7 32. Bd6 Rf3+ 33.
Kb2 Rc6 34. Bg2 Rb6+ 35. Kc1 Rd3 36. Bc5 Re6 37. Bd5 Kh7 38. Bxe6 a5 39. a4 Rf3
40. d5 1-0

[Event "CYCC U08 w"]
[Site "Windsor CAN"]
[Date "2010.07.06"]
[Round "2"]
[White "Gupta, Aterya"]
[Black "Paraparan, Varshini"]
[Result "0-1"]
[WhiteElo "862"]
[BlackElo "867"]
[PlyCount "66"]
[EventDate "2010.07.06"]
[EventType "swiss"]
[EventRounds "7"]
[EventCountry "CAN"]

1. d4 d5 2. c4 c6 3. cxd5 cxd5 4. e3 Bf5 5. Nf3 e6 6. Bb5+ Nd7 7. O-O Bd6 8.
Nc3 Ngf6 9. Rb1 Bxb1 10. Nxb1 O-O 11. Nc3 a6 12. Ba4 Ne4 13. Ne2 e5 14. b3 b5
15. dxe5 Nxe5 16. Qxd5 Nxf3+ 17. gxf3 Bxh2+ 18. Kxh2 Qxd5 19. Nf4 Qe5 20. fxe4
bxa4 21. bxa4 Qxe4 22. Ba3 Rfe8 23. Bc5 Re5 24. f3 Qc4 25. Rd1 Qxc5 26. Nd3
Rh5+ 27. Kg2 Qxe3 28. Nb4 Qe2+ 29. Kg1 Qxd1+ 30. Kf2 Re8 31. Kg3 Rf5 32. Kg4
Qxf3+ 33. Kh4 Re4# 0-1

[Event "CYCC U08 w"]
[Site "Windsor CAN"]
[Date "2010.07.06"]
[Round "2"]
[White "Kaneshalingam, Mathanhe"]
[Black "O'Neil, Krista"]
[Result "1-0"]
[WhiteElo "693"]
[BlackElo "415"]
[PlyCount "59"]
[EventDate "2010.07.06"]
[EventType "swiss"]
[EventRounds "7"]
[EventCountry "CAN"]

1. e4 e5 2. Nf3 Nc6 3. Nc3 Nf6 4. Bc4 d6 5. Ng5 Nxe4 6. Nxf7 Bg4 7. f3 Nd4 8.
Nxd8 Kxd8 9. fxg4 Be7 10. Nxe4 Kd7 11. O-O Rhg8 12. Bxg8 b5 13. Bb3 Nxc2 14.
Qxc2 Rb8 15. d3 Rb6 16. Be3 Rb8 17. Bxa7 Rg8 18. Bxg8 h6 19. Bd5 Kd8 20. Bb8 c5
21. Bc6 c4 22. Bxd6 g6 23. Bxe7+ Kxe7 24. dxc4 g5 25. cxb5 Kd8 26. b6 Kc8 27.
b7+ Kd8 28. b8=Q+ Ke7 29. Qc5+ Ke6 30. Qbd6# 1-0

[Event "CYCC U08 w"]
[Site "Windsor CAN"]
[Date "2010.07.07"]
[Round "3"]
[White "Birarov, Nicole"]
[Black "Botez, Andrea"]
[Result "0-1"]
[WhiteElo "883"]
[BlackElo "571"]
[PlyCount "146"]
[EventDate "2010.07.06"]
[EventType "swiss"]
[EventRounds "7"]
[EventCountry "CAN"]

1. e4 d6 2. d4 Nf6 3. Nc3 g6 4. Nf3 Bg7 5. Bf4 O-O 6. Qd2 Re8 7. Bh6 Bh8 8.
O-O-O Bg4 9. Be2 Nbd7 10. Ng5 e5 11. Bc4 Be6 12. d5 Bg4 13. f3 Bh5 14. g4 Bxg4
15. fxg4 Nxg4 16. Nf3 Nxh6 17. Qxh6 Bg7 18. Qe3 a6 19. h4 b5 20. Be2 h5 21. Ng5
Bh6 22. Qg3 f6 23. Rhg1 fxg5 24. hxg5 Bg7 25. Rdf1 Rf8 26. Rxf8+ Qxf8 27. Qh3
Nc5 28. Rf1 Qe7 29. b4 Qxg5+ 30. Kb1 Nb7 31. Qe6+ Kh7 32. Qf7 Rc8 33. Qd7 Qd8
34. Qxd8 Rxd8 35. Rh1 Rc8 36. Bg4 Rf8 37. Be6 Rf6 38. Rd1 Nd8 39. Bc8 c6 40.
Bxa6 cxd5 41. exd5 Rf3 42. Nxb5 Nf7 43. Rh1 e4 44. Kc1 e3 45. Kd1 Bh6 46. Ke1
Kg7 47. Rf1 Rxf1+ 48. Kxf1 Kf6 49. Ke2 Ke5 50. Bb7 Ke4 51. c4 h4 52. Nc3+ Kd4
53. Nd1 Ne5 54. Nf2 exf2 55. Kxf2 Nxc4 56. a4 Nb6 57. a5 Nd7 58. a6 Nb6 59. a7
Kc4 60. a8=Q Nxa8 61. Bxa8 Kxb4 62. Kf3 Kc5 63. Ke4 h3 64. Kf3 h2 65. Kg2 Bf4
66. Kh1 g5 67. Kg2 g4 68. Bb7 g3 69. Kh1 Kd4 70. Kg2 Ke3 71. Bc6 h1=Q+ 72. Kxh1
Kf2 73. Bb5 g2# 0-1

[Event "CYCC U08 w"]
[Site "Windsor CAN"]
[Date "2010.07.07"]
[Round "3"]
[White "Kaneshalingam, Mathanhe"]
[Black "Tao, Ellen"]
[Result "1-0"]
[WhiteElo "693"]
[BlackElo "605"]
[PlyCount "113"]
[EventDate "2010.07.06"]
[EventType "swiss"]
[EventRounds "7"]
[EventCountry "CAN"]

1. e4 e5 2. Nf3 Nc6 3. Nc3 Nf6 4. Bc4 Bb4 5. Ng5 d5 6. exd5 Na5 7. O-O Nxc4 8.
d3 Bg4 9. Qe1 O-O 10. dxc4 Bxc3 11. Qxc3 Re8 12. h3 Be2 13. Re1 Bh5 14. Qg3 Qd6
15. Nf3 Bxf3 16. Bh6 Nh5 17. Qg5 f6 18. Qd2 Bxg2 19. Kxg2 Qd7 20. Be3 Nf4+ 21.
Bxf4 exf4 22. Rxe8+ Rxe8 23. Qxf4 g5 24. Qg4 Qxg4+ 25. hxg4 c6 26. dxc6 bxc6
27. Kf1 Kf7 28. Re1 Rxe1+ 29. Kxe1 Kg6 30. a4 f5 31. f3 fxg4 32. fxg4 h5 33.
gxh5+ Kxh5 34. Kf1 g4 35. Kg1 Kh4 36. b4 Kh3 37. b5 cxb5 38. cxb5 g3 39. a5 g2
40. b6 axb6 41. axb6 Kg3 42. b7 Kf3 43. b8=Q Kg4 44. Qg8+ Kf4 45. Qc4+ Ke5 46.
Qc3+ Kd5 47. Kxg2 Ke4 48. Kg3 Kd5 49. Kf4 Ke6 50. Ke4 Kd6 51. Kf5 Kd5 52. Qd3+
Kc5 53. Ke5 Kb4 54. Kd4 Ka5 55. Kc5 Ka4 56. Qh3 Ka5 57. Qa3# 1-0

[Event "CYCC U08 w"]
[Site "Windsor CAN"]
[Date "2010.07.07"]
[Round "3"]
[White "O'Neil, Krista"]
[Black "Feldman, Michelle"]
[Result "0-1"]
[WhiteElo "415"]
[BlackElo "926"]
[PlyCount "44"]
[EventDate "2010.07.06"]
[EventType "swiss"]
[EventRounds "7"]
[EventCountry "CAN"]

1. d4 d5 2. Nf3 Nc6 3. Bg5 h6 4. e3 hxg5 5. Bb5 Bd7 6. O-O a6 7. Re1 axb5 8.
Nc3 Nf6 9. Rc1 e6 10. Re2 g4 11. Rd2 gxf3 12. gxf3 Qe7 13. e4 dxe4 14. Re2 exf3
15. Re3 b4 16. h4 bxc3 17. h5 cxb2 18. Rb1 Rxa2 19. Re4 Nxe4 20. Kf1 Rxh5 21.
Qe1 Qh4 22. Qxe4 Qh1# 0-1

[Event "CYCC U08 w"]
[Site "Windsor CAN"]
[Date "2010.07.07"]
[Round "3"]
[White "Paraparan, Varshini"]
[Black "Gao, Catherine"]
[Result "0-1"]
[WhiteElo "867"]
[BlackElo "956"]
[PlyCount "86"]
[EventDate "2010.07.06"]
[EventType "swiss"]
[EventRounds "7"]
[EventCountry "CAN"]

1. e4 e5 2. Nf3 Nc6 3. Bc4 Nf6 4. Ng5 d5 5. exd5 Nxd5 6. Nxf7 Kxf7 7. Qf3+ Ke6
8. Nc3 Nd4 9. Qxd5+ Qxd5 10. Bxd5+ Kd6 11. Be4 Be6 12. O-O Kd7 13. Bxb7 Nxc2
14. Bxa8 Nxa1 15. d3 Bb4 16. Bd5 Bxc3 17. Bxe6+ Kxe6 18. bxc3 Nc2 19. Be3 a6
20. d4 Rd8 21. Rd1 c5 22. d5+ Rxd5 23. Rxd5 Kxd5 24. Kf1 Nxe3+ 25. fxe3 Kc4 26.
Kf2 Kxc3 27. Kf3 Kc4 28. g4 Kd5 29. h4 e4+ 30. Kf4 c4 31. Kf5 c3 32. g5 c2 33.
g6 h6 34. h5 c1=Q 35. a3 Qxa3 36. Kf4 Qf8+ 37. Kg4 Qf3+ 38. Kh4 Qxe3 39. Kg4
Qg5+ 40. Kh3 Kd4 41. Kh2 Ke3 42. Kh3 Kf2 43. Kh2 Qg2# 0-1

[Event "CYCC U08 w"]
[Site "Windsor CAN"]
[Date "2010.07.07"]
[Round "4"]
[White "Feldman, Michelle"]
[Black "Birarov, Nicole"]
[Result "0-1"]
[WhiteElo "926"]
[BlackElo "883"]
[PlyCount "74"]
[EventDate "2010.07.06"]
[EventType "swiss"]
[EventRounds "7"]
[EventCountry "CAN"]

1. e4 d5 2. e5 c5 3. Nf3 Nc6 4. Bb5 Bd7 5. O-O Qc7 6. Be2 Nxe5 7. Nc3 e6 8. d4
cxd4 9. Nxd4 Bc5 10. Nf3 Nf6 11. Bf4 Bd6 12. Bb5 Nxf3+ 13. Qxf3 Bxf4 14. Bd3
Bxh2+ 15. Kh1 Bd6 16. g3 Bc6 17. a3 d4 18. Ne4 O-O-O 19. Qe2 Nd7 20. Kg1 Be5
21. Ng5 Rdf8 22. Nf3 h5 23. b4 Bxf3 24. Qxf3 h4 25. Qg2 h3 26. Qf3 Bd6 27. Rfc1
g5 28. Be2 g4 29. Qb3 Qc6 30. f3 gxf3 31. Bxf3 Qb6 32. Kh2 Ne5 33. Be4 f5 34.
Bd3 Nxd3 35. cxd3+ Kb8 36. Qxe6 Bxg3+ 37. Kxg3 Qxe6 0-1

[Event "CYCC U08 w"]
[Site "Windsor CAN"]
[Date "2010.07.07"]
[Round "4"]
[White "Gao, Catherine"]
[Black "Botez, Andrea"]
[Result "1/2-1/2"]
[WhiteElo "956"]
[BlackElo "571"]
[PlyCount "90"]
[EventDate "2010.07.06"]
[EventType "swiss"]
[EventRounds "7"]
[EventCountry "CAN"]

1. e4 d6 2. d4 Nf6 3. Nc3 g6 4. Be3 Bg7 5. Qd2 Ng4 6. f3 Nxe3 7. Qxe3 O-O 8.
O-O-O Nd7 9. Bc4 e5 10. d5 c6 11. h4 cxd5 12. Bxd5 Kh8 13. h5 Nf6 14. hxg6 fxg6
15. f4 Nxd5 16. Nxd5 Be6 17. fxe5 Bxd5 18. Qh3 h5 19. exd5 Bxe5 20. Nf3 Bg7 21.
Qg3 Bh6+ 22. Kb1 Qf6 23. Nd4 Qg5 24. Qc3 Kg8 25. Ne6 Qxg2 26. Nxf8 Rxf8 27.
Rhg1 Qe4 28. Rde1 Qf5 29. Ref1 Qe5 30. Rxf8+ Kxf8 31. Rf1+ Kg7 32. Qc7+ Kg8 33.
Qc8+ Kg7 34. Qf8+ Kh7 35. Rf7+ Bg7 36. Rxg7+ Qxg7 37. Qxd6 Qf7 38. a3 Qf1+ 39.
Ka2 Qc4+ 40. Ka1 Qf1+ 41. Ka2 Qc4+ 42. Ka1 Qf1+ 43. Ka2 Qc4+ 44. Kb1 Qf1+ 45.
Ka2 Qc4+ 1/2-1/2

[Event "CYCC U08 w"]
[Site "Windsor CAN"]
[Date "2010.07.07"]
[Round "4"]
[White "Gupta, Aterya"]
[Black "Kaneshalingam, Mathanhe"]
[Result "1-0"]
[WhiteElo "862"]
[BlackElo "693"]
[PlyCount "45"]
[EventDate "2010.07.06"]
[EventType "swiss"]
[EventRounds "7"]
[EventCountry "CAN"]

1. d4 d5 2. c4 Nf6 3. Bg5 Bf5 4. Nf3 Nc6 5. e3 Nb4 6. Na3 e6 7. Be2 Be7 8. O-O
O-O 9. b3 h6 10. Bh4 dxc4 11. Nxc4 Nc2 12. Rc1 Na3 13. Bxf6 gxf6 14. Nh4 Nxc4
15. Bxc4 Ba3 16. Rc3 Bb2 17. Nxf5 Bxc3 18. Nxh6+ Kg7 19. Qh5 Qd7 20. Bd3 Bb4
21. Bh7 Kxh7 22. Nxf7+ Kg8 23. Qg6# 1-0

[Event "CYCC U08 w"]
[Site "Windsor CAN"]
[Date "2010.07.07"]
[Round "4"]
[White "Tao, Ellen"]
[Black "Paraparan, Varshini"]
[Result "0-1"]
[WhiteElo "605"]
[BlackElo "867"]
[PlyCount "72"]
[EventDate "2010.07.06"]
[EventType "swiss"]
[EventRounds "7"]
[EventCountry "CAN"]

1. e4 e5 2. Bc4 Nf6 3. Nc3 Bc5 4. Nf3 d6 5. O-O O-O 6. d3 Bg4 7. Bg5 Nc6 8. h3
Bh5 9. Bd5 h6 10. Bh4 Rb8 11. Na4 Nd4 12. Nxd4 Bxd1 13. Raxd1 Bxd4 14. c3 Bb6
15. c4 Qe8 16. Bxf6 Qxa4 17. Bh4 c6 18. b3 Qxa2 19. Ra1 Qxb3 20. Rfd1 cxd5 21.
Be7 Rfe8 22. Bxd6 Rbd8 23. Rab1 Qa4 24. Bb4 Re6 25. exd5 Rf6 26. Be7 Rxf2 27.
Bxd8 Rd2+ 28. Kf1 Rxd1+ 29. Ke2 Rxb1 30. Bxb6 axb6 31. d6 f6 32. d7 Qxd7 33. g4
Rb3 34. Kf3 Qxd3+ 35. Kf2 Rb2+ 36. Ke1 Qe2# 0-1

[Event "CYCC U08 w"]
[Site "Windsor CAN"]
[Date "2010.07.08"]
[Round "5"]
[White "Birarov, Nicole"]
[Black "Gupta, Aterya"]
[Result "1-0"]
[WhiteElo "883"]
[BlackElo "862"]
[PlyCount "111"]
[EventDate "2010.07.06"]
[EventType "swiss"]
[EventRounds "7"]
[EventCountry "CAN"]

1. e4 e5 2. Nf3 Nc6 3. Bc4 Bc5 4. b4 Nxb4 5. c3 Nc6 6. d4 Bd6 7. dxe5 Nxe5 8.
Nxe5 Bxe5 9. Bxf7+ Kxf7 10. Qd5+ Kf6 11. h4 h6 12. f4 Bd6 13. e5+ Ke7 14. exd6+
cxd6 15. O-O Qb6+ 16. Kh1 Nf6 17. Re1+ Kd8 18. Qf7 Qf2 19. Bd2 Qxh4+ 20. Kg1
Ng4 21. Qxg7 Qh2+ 22. Kf1 Qh4 23. Kg1 Qh2+ 24. Kf1 Qh1+ 25. Ke2 Qxg2+ 26. Kd1
Qf3+ 27. Kc1 Re8 28. Rxe8+ Kxe8 29. Na3 Qf1+ 30. Kb2 Qe2 31. Re1 Qxe1 32. Bxe1
Ne3 33. Qxh6 Nd1+ 34. Kc2 Ne3+ 35. Kb3 a5 36. Qxd6 Ra6 37. Qe5+ Re6 38. Qxa5 b5
39. Nxb5 Nd5 40. Bh4 Ra6 41. Qd8+ Kf7 42. Qxc8 Rc6 43. Qxd7+ Ne7 44. Qxe7+ Kg6
45. Qe4+ Kh5 46. Qxc6 Kxh4 47. f5 Kg5 48. Qg6+ Kf4 49. f6 Ke5 50. f7 Kd5 51.
f8=Q Ke5 52. Qd8 Kf4 53. Qde8 Kf3 54. Qf6+ Kg4 55. Qg8+ Kh3 56. Qh6# 1-0

[Event "CYCC U08 w"]
[Site "Windsor CAN"]
[Date "2010.07.08"]
[Round "5"]
[White "Botez, Andrea"]
[Black "Paraparan, Varshini"]
[Result "1-0"]
[WhiteElo "571"]
[BlackElo "867"]
[PlyCount "31"]
[EventDate "2010.07.06"]
[EventType "swiss"]
[EventRounds "7"]
[EventCountry "CAN"]

1. Nf3 d5 2. d4 Nc6 3. Bf4 Bf5 4. e3 Nb4 5. Bd3 Nxd3+ 6. cxd3 e6 7. Nc3 Bd6 8.
Bxd6 Qxd6 9. e4 Bg4 10. e5 Qb6 11. b3 Bxf3 12. Qxf3 Qxd4 13. Rc1 Qxe5+ 14. Ne2
O-O-O 15. Qxf7 Qf6 16. Qxc7# 1-0

[Event "CYCC U08 w"]
[Site "Windsor CAN"]
[Date "2010.07.08"]
[Round "5"]
[White "Feldman, Michelle"]
[Black "Gao, Catherine"]
[Result "1/2-1/2"]
[WhiteElo "926"]
[BlackElo "956"]
[PlyCount "87"]
[EventDate "2010.07.06"]
[EventType "swiss"]
[EventRounds "7"]
[EventCountry "CAN"]

1. e4 e5 2. Nf3 Nc6 3. Bc4 Nf6 4. O-O Bc5 5. Nc3 O-O 6. d3 d6 7. Be3 Bxe3 8.
fxe3 Bg4 9. d4 Bxf3 10. Rxf3 a6 11. Rg3 b5 12. Bd5 Nxd5 13. Nxd5 f5 14. exf5
Rxf5 15. Qg4 Rg5 16. Qh4 Rxg3 17. Qxg3 Ne7 18. Nf6+ Kh8 19. Nh5 Ng6 20. Rd1 Qe7
21. Qf3 Rf8 22. Qg3 exd4 23. Rxd4 Rf5 24. Nf4 Nxf4 25. Rxf4 Rxf4 26. Qxf4 h6
27. h3 Qe5 28. Qxe5 dxe5 29. e4 Kh7 30. Kf2 Kg6 31. g3 c5 32. Ke3 Kf6 33. b3 a5
34. c3 b4 35. c4 g5 36. Kf3 h5 37. g4 hxg4+ 38. hxg4 Kf7 39. Ke3 Kf6 40. Kf3
Ke6 41. Ke3 Kd6 42. Kd3 Kc6 43. Kc2 Kb6 44. Kb2 1/2-1/2

[Event "CYCC U08 w"]
[Site "Windsor CAN"]
[Date "2010.07.08"]
[Round "5"]
[White "O'Neil, Krista"]
[Black "Tao, Ellen"]
[Result "0-1"]
[WhiteElo "415"]
[BlackElo "605"]
[PlyCount "50"]
[EventDate "2010.07.06"]
[EventType "swiss"]
[EventRounds "7"]
[EventCountry "CAN"]

1. d4 d5 2. Nf3 Nf6 3. Nc3 Nc6 4. Bg5 Bg4 5. e3 e6 6. Bb5 Bb4 7. a3 Bxc3+ 8.
bxc3 O-O 9. O-O Na5 10. Bxf6 Qxf6 11. Qc1 Qg6 12. Ra2 Bh3 13. g3 Bxf1 14. Kxf1
Qf6 15. Qe1 Qxf3 16. Qa1 a6 17. Ba4 b5 18. Ke1 bxa4 19. Kd2 Nc4+ 20. Kc1 Rab8
21. Rb2 Rxb2 22. Qxb2 Nxb2 23. Kxb2 Rb8+ 24. Ka2 Qd1 25. f4 Qb1# 0-1

[Event "CYCC U08 w"]
[Site "Windsor CAN"]
[Date "2010.07.08"]
[Round "6"]
[White "Gao, Catherine"]
[Black "Tao, Ellen"]
[Result "1-0"]
[WhiteElo "956"]
[BlackElo "605"]
[PlyCount "49"]
[EventDate "2010.07.06"]
[EventType "swiss"]
[EventRounds "7"]
[EventCountry "CAN"]

1. e4 e5 2. Nf3 Nc6 3. Bb5 Nf6 4. Nc3 Bb4 5. Bxc6 dxc6 6. Nxe5 Bc5 7. O-O O-O
8. d3 Bd4 9. Nf3 Bxc3 10. bxc3 Qd6 11. Nd4 Ng4 12. g3 Qg6 13. Bf4 Qh5 14. Nf3
Bd7 15. Bxc7 Rac8 16. Bd6 Rfe8 17. c4 b6 18. Ba3 Re5 19. Bb2 Re6 20. Qd2 f6 21.
Rfe1 f5 22. Qc3 Re7 23. exf5 Rxe1+ 24. Rxe1 Kf8 25. Qxg7# 1-0

[Event "CYCC U08 w"]
[Site "Windsor CAN"]
[Date "2010.07.08"]
[Round "6"]
[White "Gupta, Aterya"]
[Black "O'Neil, Krista"]
[Result "1-0"]
[WhiteElo "862"]
[BlackElo "415"]
[PlyCount "37"]
[EventDate "2010.07.06"]
[EventType "swiss"]
[EventRounds "7"]
[EventCountry "CAN"]

1. d4 d5 2. c4 dxc4 3. e3 Nc6 4. Bxc4 e6 5. Nf3 Bb4+ 6. Nc3 Bxc3+ 7. bxc3 Nf6
8. O-O O-O 9. Ba3 Re8 10. h3 Ne4 11. Qd3 Nxc3 12. Qxc3 b6 13. Rad1 e5 14. dxe5
g6 15. Rxd8 b5 16. Rxe8+ Kg7 17. e6+ Kh6 18. Bf8+ Kh5 19. g4# 1-0

[Event "CYCC U08 w"]
[Site "Windsor CAN"]
[Date "2010.07.08"]
[Round "6"]
[White "Kaneshalingam, Mathanhe"]
[Black "Botez, Andrea"]
[Result "0-1"]
[WhiteElo "693"]
[BlackElo "571"]
[PlyCount "52"]
[EventDate "2010.07.06"]
[EventType "swiss"]
[EventRounds "7"]
[EventCountry "CAN"]

1. e4 d6 2. d4 Nf6 3. Nc3 g6 4. Nf3 Bg7 5. Bc4 O-O 6. O-O Nbd7 7. Bf4 a6 8. h3
b5 9. Bd5 Nxd5 10. Nxd5 c6 11. Ne3 Nf6 12. e5 Ne4 13. exd6 exd6 14. c3 f5 15.
a3 Be6 16. Rc1 Rc8 17. g3 Qd7 18. Bg5 h6 19. Bf4 g5 20. Bxg5 hxg5 21. b4 d5 22.
h4 f4 23. gxf4 gxf4 24. Nc2 Bh3 25. Re1 Qg4+ 26. Kh2 Qg2# 0-1

[Event "CYCC U08 w"]
[Site "Windsor CAN"]
[Date "2010.07.08"]
[Round "6"]
[White "Paraparan, Varshini"]
[Black "Birarov, Nicole"]
[Result "0-1"]
[WhiteElo "867"]
[BlackElo "883"]
[PlyCount "82"]
[EventDate "2010.07.06"]
[EventType "swiss"]
[EventRounds "7"]
[EventCountry "CAN"]

1. e4 d5 2. exd5 Nf6 3. d4 e6 4. Nf3 exd5 5. Bd3 c5 6. O-O Nc6 7. Bb5 Bd6 8.
Bg5 Be6 9. Re1 O-O 10. Ne5 Nxd4 11. Bd3 c4 12. Bxc4 Bxe5 13. c3 dxc4 14. Rxe5
Nc6 15. Qxd8 Raxd8 16. Re1 Rd5 17. Bxf6 gxf6 18. b3 cxb3 19. axb3 Rfd8 20. f3
Rd1 21. Rxd1 Rxd1+ 22. Kf2 Bxb3 23. Kg3 Bc2 24. Ra2 Bxb1 25. Re2 a5 26. h4 h5
27. Re8+ Kg7 28. Ra8 Bc2 29. f4 a4 30. Kf2 b6 31. Ke3 Na5 32. Rb8 Rb1 33. Kd2
a3 34. Rxb6 Rxb6 35. Kxc2 Rb2+ 36. Kd3 a2 37. Kd4 a1=Q 38. Kc5 Qa3+ 39. Kd4
Rd2+ 40. Ke4 Qxc3 41. f5 Rd4# 0-1

[Event "CYCC U08 w"]
[Site "Windsor CAN"]
[Date "2010.07.09"]
[Round "7"]
[White "Botez, Andrea"]
[Black "Gupta, Aterya"]
[Result "1-0"]
[WhiteElo "571"]
[BlackElo "862"]
[PlyCount "133"]
[EventDate "2010.07.06"]
[EventType "swiss"]
[EventRounds "7"]
[EventCountry "CAN"]

1. Nf3 d5 2. d4 Nc6 3. Bf4 Nf6 4. h3 e6 5. e3 Bd6 6. Bxd6 Qxd6 7. Bd3 O-O 8. c4
b6 9. Nc3 Nb4 10. Be2 Ba6 11. b3 Rad8 12. a3 Nc6 13. Bd3 Rfe8 14. O-O Ne4 15.
Qc2 Nf6 16. Ng5 g6 17. Ne2 e5 18. dxe5 Rxe5 19. Nf3 Rh5 20. Nf4 Rh6 21. g4 g5
22. Nxg5 d4 23. Rfe1 Qe5 24. Ne4 dxe3 25. fxe3 Nxe4 26. Bxe4 Ne7 27. Rad1 Rxd1
28. Rxd1 c5 29. Rd8+ Kg7 30. Rd7 Qa1+ 31. Qb1 Qxb1+ 32. Bxb1 Ng8 33. Rxa7 Bc8
34. b4 cxb4 35. axb4 Nf6 36. c5 bxc5 37. bxc5 Nd7 38. c6 Nb6 39. Ba2 Rf6 40.
Nh5+ Kg6 41. Nxf6 Kxf6 42. Rxf7+ Ke5 43. c7 h6 44. Kf2 Ke4 45. Rf6 Nd5 46.
Bxd5+ Kxd5 47. Rf8 Be6 48. c8=Q Bxc8 49. Rxc8 Ke4 50. h4 Ke5 51. g5 hxg5 52.
hxg5 Kf5 53. Rg8 Ke6 54. g6 Ke7 55. Ra8 Kf6 56. Ra6+ Kg7 57. e4 Kg8 58. e5 Kg7
59. Kf3 Kg8 60. e6 Kg7 61. e7 Kg8 62. e8=Q+ Kg7 63. Qe7+ Kh6 64. Qh7+ Kg5 65.
Ke3 Kg4 66. g7 Kg3 67. g8=Q# 1-0

[Event "CYCC U08 w"]
[Site "Windsor CAN"]
[Date "2010.07.09"]
[Round "7"]
[White "Gao, Catherine"]
[Black "Kaneshalingam, Mathanhe"]
[Result "0-1"]
[WhiteElo "954"]
[BlackElo "693"]
[PlyCount "56"]
[EventDate "2010.07.06"]
[EventType "swiss"]
[EventRounds "7"]
[EventCountry "CAN"]

1. e4 e5 2. Nf3 Nc6 3. Bb5 Nf6 4. Nc3 Bc5 5. Bxc6 dxc6 6. Nxe5 Be6 7. d3 Bd6 8.
Bf4 Bxe5 9. Bxe5 O-O 10. Qd2 Rc8 11. O-O-O h6 12. h4 b6 13. f3 c5 14. g4 Re8
15. g5 hxg5 16. hxg5 Nh7 17. Qh2 Qxg5+ 18. Kb1 Qg6 19. Rdg1 Qxg1+ 20. Rxg1 Red8
21. Rxg7+ Kf8 22. Qxh7 Ke8 23. Bf6 Rd6 24. Rg8+ Kd7 25. e5 Rd4 26. a3 Rf4 27.
Nb5 Rxf3 28. Nd6 Rf1# 0-1

[Event "CYCC U08 w"]
[Site "Windsor CAN"]
[Date "2010.07.09"]
[Round "7"]
[White "O'Neil, Krista"]
[Black "Birarov, Nicole"]
[Result "0-1"]
[WhiteElo "415"]
[BlackElo "883"]
[PlyCount "55"]
[EventDate "2010.07.06"]
[EventType "swiss"]
[EventRounds "7"]
[EventCountry "CAN"]

1. d4 Nf6 2. Nf3 d5 3. e4 Nxe4 4. Bb5+ c6 5. Bxc6+ Nxc6 6. O-O Bg4 7. Qe1 Bxf3
8. gxf3 Nxd4 9. fxe4 Nf3+ 10. Kh1 Nxe1 11. Rxe1 e5 12. exd5 Qxd5+ 13. Kg1 Bb4
14. Kf1 Bxe1 15. Kg1 O-O-O 16. Nc3 Bxc3 17. bxc3 Qd1+ 18. Kg2 Qxc2 19. Kg3
Qxc3+ 20. Kg2 Qxa1 21. Kg3 Qxc1 22. Kg2 Rd2 23. Kg3 Qf1 24. Kg4 Rxf2 25. h3
Rxa2 26. Kg3 Rg2+ 27. Kh4 Qf4+ 28. Kh5 0-1